<?xml version="1.0" encoding="UTF-8"?>
<record
    xmlns:xsi="http://www.w3.org/2001/XMLSchema-instance"
    xsi:schemaLocation="http://www.loc.gov/MARC21/slim http://www.loc.gov/standards/marcxml/schema/MARC21slim.xsd"
    xmlns="http://www.loc.gov/MARC21/slim">

  <leader>01362cam a2200289Ia 4500</leader>
  <controlfield tag="003">OSt</controlfield>
  <controlfield tag="005">20231218093853.0</controlfield>
  <controlfield tag="008">020603s2002    ilua     f    000 0 eng d</controlfield>
  <datafield tag="020" ind1=" " ind2=" ">
    <subfield code="a">1584261080</subfield>
  </datafield>
  <datafield tag="020" ind1=" " ind2=" ">
    <subfield code="a">9781584261087</subfield>
  </datafield>
  <datafield tag="040" ind1=" " ind2=" ">
    <subfield code="a">BUL</subfield>
    <subfield code="c">BUL</subfield>
    <subfield code="d">BUL</subfield>
    <subfield code="b">eng</subfield>
    <subfield code="e">rda</subfield>
  </datafield>
  <datafield tag="082" ind1=" " ind2=" ">
    <subfield code="a">W 18.2 K958c 2002</subfield>
  </datafield>
  <datafield tag="100" ind1="1" ind2=" ">
    <subfield code="a">Kuehn, Lynn.</subfield>
  </datafield>
  <datafield tag="245" ind1="1" ind2="0">
    <subfield code="a">CPT/HCPCS coding and reimbursement for physician services /</subfield>
    <subfield code="c">Lynn Kuehn, LaVonne Wieland.</subfield>
  </datafield>
  <datafield tag="250" ind1=" " ind2=" ">
    <subfield code="a">2002 edition</subfield>
  </datafield>
  <datafield tag="260" ind1=" " ind2=" ">
    <subfield code="a">Chicago, Ill. :</subfield>
    <subfield code="b">American Health Information Management Association,</subfield>
    <subfield code="c">c2002.</subfield>
  </datafield>
  <datafield tag="300" ind1=" " ind2=" ">
    <subfield code="a">viii, 333 p. :</subfield>
    <subfield code="b">ill. ;</subfield>
    <subfield code="c">28 cm.</subfield>
  </datafield>
  <datafield tag="504" ind1=" " ind2=" ">
    <subfield code="a">Includes bibliographic references and index</subfield>
  </datafield>
  <datafield tag="505" ind1=" " ind2=" ">
    <subfield code="a">Contents

Chapter 1: Introduction to coding basics
Chapter 2: Evaluation and management coding
Chapter 3: Anesthesia
Chapter 4: Surgery
Chapter 5: Radiology
Chapter 6: Pathology and laboratory
Chapter 7: Medicine
Chapter 8: Reimbursement process
Chapter 9: Coding and reimbursement reports and databases
Chapter 10: Evaluation of coding quality</subfield>
  </datafield>
  <datafield tag="650" ind1=" " ind2="0">
    <subfield code="a">Nosology</subfield>
    <subfield code="v">Handbooks, manuals, etc.</subfield>
  </datafield>
  <datafield tag="650" ind1=" " ind2="0">
    <subfield code="a">Medical records.</subfield>
  </datafield>
  <datafield tag="650" ind1=" " ind2="0">
    <subfield code="a">Medicine</subfield>
    <subfield code="v">Nomenclature.</subfield>
  </datafield>
  <datafield tag="650" ind1=" " ind2="0">
    <subfield code="a">Medicine</subfield>
    <subfield code="x">Terminology</subfield>
    <subfield code="x">Code numbers.</subfield>
  </datafield>
  <datafield tag="700" ind1="1" ind2=" ">
    <subfield code="a">Wieland, LaVonne.</subfield>
  </datafield>
  <datafield tag="942" ind1=" " ind2=" ">
    <subfield code="2">ddc</subfield>
    <subfield code="c">BO</subfield>
    <subfield code="e">2002 edition</subfield>
    <subfield code="h">W 18.2</subfield>
    <subfield code="i">1</subfield>
    <subfield code="k"> K958c 2002</subfield>
    <subfield code="m">W 18.2 K958c 2002</subfield>
  </datafield>
  <datafield tag="952" ind1=" " ind2=" ">
    <subfield code="0">0</subfield>
    <subfield code="1">0</subfield>
    <subfield code="2">ddc</subfield>
    <subfield code="4">0</subfield>
    <subfield code="7">0</subfield>
    <subfield code="a">MBAL</subfield>
    <subfield code="b">MBAL</subfield>
    <subfield code="d">2022-05-26</subfield>
    <subfield code="e">Donation</subfield>
    <subfield code="i">02576</subfield>
    <subfield code="l">0</subfield>
    <subfield code="o">W 18.2 K958c 2002</subfield>
    <subfield code="p">MBAL22050786</subfield>
    <subfield code="r">2022-05-26</subfield>
    <subfield code="t">1</subfield>
    <subfield code="w">2022-05-26</subfield>
    <subfield code="y">BO</subfield>
  </datafield>
  <datafield tag="999" ind1=" " ind2=" ">
    <subfield code="c">13411</subfield>
    <subfield code="d">13411</subfield>
  </datafield>
</record>
